000 00271nam a2200109Ia 4500
008 240625s9999 xx 000 0 und d
041 _aeng
082 _a658.4032 BAL
100 _aBALAKRISHNAN NAGRAJ
245 _aMANAGERIAL DECISION MODELING WITH SPREAD
260 _c2007
999 _c33677
_d33677